000 00379nam a2200145Ia 4500
005 20250729165817.0
008 250729s2024 xx 000 0 und d
041 _aeng
082 _a494.25 HEGC
100 _aM.G.Heggde
_9233517
245 _aChimani Belakinindaa- Athmakathe
260 _aShivamogga
_bAharnishi Prakashana
_c2024
300 _a228p
650 _aKannada
_9233518
999 _c240319
_d240319